|
|
|
|
| LEADER |
01709nam a2200457 a 4500 |
| 001 |
nkc20142596699 |
| 003 |
CZ PrNK |
| 005 |
20140828113204.0 |
| 007 |
ta |
| 008 |
140618s2014 xr a e p 000 0 cze |
| 015 |
|
|
|a cnb002596699
|
| 020 |
|
|
|a 978-80-905667-0-5
|q (brož.)
|
| 035 |
|
|
|a (OCoLC)890261020
|
| 040 |
|
|
|a BOA001
|b cze
|d ABA001
|
| 072 |
|
7 |
|a 336.7
|x Finance
|2 Konspekt
|9 4
|
| 072 |
|
7 |
|a 37.016
|x Učební osnovy. Vyučovací předměty. Učebnice
|2 Konspekt
|9 22
|
| 080 |
|
|
|a 37.03:336
|2 MRF
|
| 080 |
|
|
|a 336
|2 MRF
|
| 080 |
|
|
|a (075)
|2 MRF
|
| 100 |
1 |
|
|a Nový, Miloš,
|d 1960-
|7 ola2003206387
|4 aut
|
| 245 |
1 |
0 |
|a Příklady z finanční gramotnosti /
|c Miloš Nový, Zuzana Radimská, Bohuslav Šimek
|
| 250 |
|
|
|a 1. vyd.
|
| 260 |
|
|
|a Plzeň :
|b Statua Aura,
|c 2014
|
| 300 |
|
|
|a 94 s. :
|b il. ;
|c 30 cm
|
| 500 |
|
|
|a Pod názvem: Podpora výuky finanční gramostnosti na středních školách
|
| 504 |
|
|
|a Obsahuje bibliografie
|
| 521 |
8 |
|
|a Určeno účastníkům projektu
|
| 650 |
0 |
7 |
|a finanční gramotnost
|7 ph617599
|2 czenas
|
| 650 |
0 |
7 |
|a finance
|7 ph114548
|x úlohy
|2 czenas
|
| 650 |
0 |
9 |
|a financial literacy
|2 eczenas
|
| 650 |
0 |
9 |
|a finance
|x problems, exercises, etc
|2 eczenas
|
| 655 |
|
7 |
|a učebnice
|7 fd133770
|2 czenas
|
| 655 |
|
9 |
|a textbooks
|2 eczenas
|
| 700 |
1 |
|
|a Radimská, Zuzana,
|d 1966-
|7 mzk2014832975
|4 aut
|
| 700 |
1 |
|
|a Šimek, Bohuslav,
|d 1959-
|7 ola2010598214
|4 aut
|
| 710 |
2 |
|
|a Podpora výuky finanční gramotnosti na středních školách (projekt)
|7 kn20140813015
|
| 910 |
2 |
|
|a BOA001
|b 4-1331.005
|
| 990 |
|
|
|a BK
|
| 995 |
|
|
|a 01
|
| 991 |
|
|
|b 201408
|c NOV
|e n
|
| 996 |
6 |
|
|b 2610600203
|c 4-1331.005
|l MZK
|r Sklad / do 1 hodiny
|n 11
|p p.v.
|w 001443773
|u 000010
|a 1
|e BOA001
|j MZK50
|s P
|